01016nam a22002777a 45000010005000000030006000050050017000110080041000280200018000690400029000870500010001160820016001261000017001422450047001592600039002063000044002454900024002895050008003135200245003215210029005665210020005956500028006156500032006436500032006757000031007075237FISKH20241120151258.0241120b cb ||||| |||| 00| 0 eng d a9781407104218 aFISKHbengcFISKHdFISKH aPS430 a909.0971241 aDeary, Terry aThe Barmy British Empire /cby Terry Deary aNew York : bScholastic ;c2002 .  a139 pages : billustrations ;c21 cm .  aHorrible Histories  aS  aReaders can discover all the foul facts about the Barmy British Empire, including how a war started when a Brit was sitting on a stool, who wore a necklace made of 50 human skulls and why a British soldier used his own coffin as a wardrobe.8 a790 bLexile estimate 8 aS bRaz-Plus  achildren'svnon-fiction aBritish Empirevnon-fiction a Great Britainvnon-fiction aBrown, Martineillustrator